000 00433nam a2200145 4500
001 135905
003 ES-MaACL
007 t|
008 070214s1907 fr r ||||1| fre d
100 1 _aRoussel-Despierres, François.
_9100074
245 1 0 _aHors du scepticisme
_b: liberté et beauté /
_cFrançois Roussel-Despierres.
260 _aParis :
_bFélix Alcan,
_c1907.
300 _aIV, 390 p. ;
_c22 cm.
852 _aES-MaACL
_jB-7083
999 _c135905
_d135905